Educación popular hoy : en tiempos de globalización /

Đã lưu trong:
Chi tiết về thư mục
Tác giả chính: Mejía J., Marco Raúl (autor)
Tác giả khác: Awad G., Myriam Awad (autor) (autor)
Định dạng: Sách
Ngôn ngữ:Tiếng Tây Ban Nha
Được phát hành: Bogotá, Colombia : Aurora, 2004, c2003
Những chủ đề:
Các nhãn: Thêm thẻ
Không có thẻ, Là người đầu tiên thẻ bản ghi này!

MARC

LEADER 00000nam^a2200000^a^4500
001 000195317
005 20250521000000.0
009 20260310102746.424
020 |a 958-9136-18-4 
037 |a Acervo ITESO - Biblioteca 
041 |a ESP 
082 |a 361. 8  |b MEJ 
100 |a Mejía J., Marco Raúl  |e (autor) 
245 1 0 |a Educación popular hoy :  |b en tiempos de globalización /  |c M.R. Mejía J., M.I. Awad G. 
264 4 |a Bogotá, Colombia :  |b Aurora,  |c 2004, c2003 
300 |a 232 p. 
336 |a texto  |b txt  |2 rdacontenido 
337 |a sin mediación  |b n  |2 rdamedio 
338 |a volumen  |b nc  |2 rdasoporte 
649 |a XX 
650 |a Socialización 
650 |a Didáctica 
650 |a Metodología Educativa 
650 |a Proceso Educativo 
650 |a Educación No Formal e Informal 
650 |a Educación y Promoción Popular -  |x Tema Principal 
650 |a Educación y Sociedad 
650 |a Educación 
700 |a Awad G., Myriam Awad  |e (autor) 
910 |a Fondo General 
920 |a Impresos - Libros 
930 |a Colección General 
905 |a 101 
901 |a 0500141221  |b IT1  |c ACC  |u 20250521 
902 |a https://opac.biblio.iteso.mx/vufind/Record/000195317